| 000 | 00541nam a2200157 a 4500 | ||
|---|---|---|---|
| 008 | 120416s1969 ||||||||||||||||| || u | ||
| 050 | _aQA 76.73 Pol | ||
| 100 | _aPollack, Seymour V | ||
| 245 | 1 | 2 | _aA Guide to PL/1 |
| 246 | _aSeymour V Pallack | ||
| 250 | _a2nd. ed | ||
| 260 |
_aNew York _bHalt Rinehart and Winston _c(1969) |
||
| 300 | _axxvi, 630p. : ill. | ||
| 350 | _a0.00 | ||
| 995 |
_D0.00 _FCBU-MAIN LIBRARY (Kitwe) _H1 _I0.00 _M1 _UAVAILABLE _ZMain Library Open Access Collection |
||
| 999 |
_c45107 _d45107 |
||